00242nam a2200109Ia 4500008004100000100000900041245002500050260002100075650001200096942000700108999001700115190216s9999||||xx |||||||||||||| ||und|| aNull 0aGarasthithi Boudikam bBhasha Institute aPhysics cBK c40310d40310